New Testament follow-up for pastors and laymen, how to conserve, mature, and multiply the converts. (Record no. 1663)

MARC details
000 -LEADER
fixed length control field 00687nam a22002291 4500
001 - CONTROL NUMBER
control field 2640070
003 - CONTROL NUMBER IDENTIFIER
control field GBCCL
005 - DATE AND TIME OF LATEST TRANSACTION
control field 20241126110406.0
008 - FIXED-LENGTH DATA ELEMENTS--GENERAL INFORMATION
fixed length control field 791005s1963 miua b 000 0 eng
010 ## -
-- 63005667
040 ## - CATALOGING SOURCE
Original cataloging agency DLC
Transcribing agency DLC
Modifying agency DLC
050 00 -
-- BV3793
-- .M6
082 00 - DEWEY DECIMAL CLASSIFICATION NUMBER
Classification number 243
Item number MOR
100 1# - MAIN ENTRY--PERSONAL NAME
Personal name Moore, Waylon B.
9 (RLIN) 3408
245 10 - TITLE STATEMENT
Title New Testament follow-up for pastors and laymen, how to conserve, mature, and multiply the converts.
260 ## - PUBLICATION, DISTRIBUTION, ETC.
Place of publication, distribution, etc. Grand Rapids,
Name of publisher, distributor, etc. Eerdmans
Date of publication, distribution, etc. [1963]
300 ## - PHYSICAL DESCRIPTION
Extent 192 p.
Other physical details illus.
Dimensions 21 cm.
504 ## - BIBLIOGRAPHY, ETC. NOTE
Bibliography, etc. note Includes bibliography.
650 #0 - SUBJECT ADDED ENTRY--TOPICAL TERM
Topical term or geographic name entry element Evangelistic work.
9 (RLIN) 290
906 ## - LOCAL DATA ELEMENT F, LDF (RLIN)
a 7
b cbc
c orignew
d u
e ocip
f 19
g y-gencatlg
942 ## - ADDED ENTRY ELEMENTS (KOHA)
Source of classification or shelving scheme Dewey Decimal Classification
Koha item type Books
Holdings
Withdrawn status Lost status Source of classification or shelving scheme Damaged status Not for loan Home library Current Library Shelving location Date acquired Total checkouts Full call number Barcode Date last seen Copy number Price effective from Koha item type
    Dewey Decimal Classification     GRACE BIBLE COLLEGE GRACE BIBLE COLLEGE Ministry & Mission 2017-05-10   243 MOR 005059 2025-05-01 c.1 2017-05-10 Books
© Grace Bible College Library 2025